Introducción a la estadística matemática / (Record no. 141107)

MARC details
000 -LEADER
campo de control de longitud fija 00877nam a2200229 i 4500
001 - NÚMERO DE CONTROL
campo de control 141107
003 - IDENTIFICADOR DE NÚMERO DE CONTROL
campo de control ES-MaACL
005 - FECHA Y HORA DE LA ÚLTIMA TRANSACCIÓN
campo de control 20250903022111.0
007 - CAMPO FIJO DE DESCRIPCIÓN FÍSICA--INFORMACIÓN GENERAL
campo de control de longitud fija t|
008 - DATOS DE LONGITUD FIJA--INFORMACIÓN GENERAL
campo de control de longitud fija 070919s1947 sp ||||1| spa d
100 1# - ENTRADA PRINCIPAL--NOMBRE DE PERSONA
Nombre de persona Yule, George Udny.
9 (RLIN) 117739
245 10 - MENCIÓN DEL TÍTULO
Título Introducción a la estadística matemática /
Mención de responsabilidad, etc. George Udny Yule, Maurice George Kendall ; traducción de la 13ª ed. inglesa y prólogo por José Ros Jimeno.
260 ## - PUBLICACIÓN, DISTRIBUCIÓN, ETC.
Lugar de publicación, distribución, etc. Madrid :
Nombre del editor, distribuidor, etc. M. Aguilar,
Fecha de publicación, distribución, etc. 1947.
300 ## - DESCRIPCIÓN FÍSICA
Extensión 684 p. :
Otras características físicas il. ;
Dimensiones 22 cm.
490 1# - MENCIÓN DE SERIE
Mención de serie Biblioteca de ciencias económicas, políticas y sociales
650 #7 - PUNTO DE ACCESO ADICIONAL DE MATERIA--TÉRMINO DE MATERIA
Término de materia o nombre geográfico como elemento de entrada Estadística matemática
Fuente del encabezamiento o término embne
9 (RLIN) 143469
700 1# - ENTRADA AGREGADA--NOMBRE PERSONAL
Nombre de persona Ros Jimeno, José.
9 (RLIN) 99590
700 1# - ENTRADA AGREGADA--NOMBRE PERSONAL
Nombre de persona Kendall, Maurice George.
9 (RLIN) 67824
830 1# - PUNTO DE ACCESO ADICIONAL DE SERIE-TÍTULO UNIFORME
Título uniforme Biblioteca de ciencias económicas, políticas y sociales
9 (RLIN) 182661
852 ## - LOCALIZACIÓN
Ubicación ES-MaACL
Número de control de estantería A-2665
Holdings
Estatus retirado Estado de pérdida Estado de daño No para préstamo Biblioteca de origen Biblioteca actual Ubicación en estantería Fecha de adquisición Fuente de adquisición Total de préstamos Signatura topográfica completa Código de barras Visto por última vez Precio de reemplazo Tipo de ítem Koha
        Biblioteca del Ateneo de Madrid Biblioteca del Ateneo de Madrid Sala Pecera Planta 1 17/01/2008     A-2665 1146828 23/02/2023 23/02/2023 Libro impreso